000 00739nam a2200253Ia 4500
003 OSt
005 20220918194945.0
006 a|||||r|||| 00| 0
007 ta
008 220917b |||||||| |||| 00| 0 eng d
024 _a82,661
037 _cTextual
040 _aARTS
_cARTS
_beng
041 _2eng
_aeng
082 _aS1:7:7, M2
100 _aShah C K
_988158
245 0 _aPersonality development of children
_b A study of personality development of children as a function of parental authoritareanism
260 _aBombay
_bMulti Tech Pub India
_c1982
300 _avi,152p.
_ccm.
500 _aBib 142-46p
650 _aPSYCHOLOGY
942 _hS1:7:7, M2
_cTEXL
_2CC
999 _c206379
_d206379